Automatická rezačka na extrudovaný polystyrén

Saved in:
Bibliographic Details
Main Author: Hrytsenko, Maksym (Author)
Other Authors: Habara, Marek (Thesis advisor)
Format: Manuscript Book
Language:Slovak
Published: 2024
Subjects:
Online Access:http://is.stuba.sk/zp/portal_zp.pl?podrobnosti=186669
Tags: Add Tag
No Tags, Be the first to tag this record!

MARC

LEADER 00000ntm a22000003a 4500
001 stuzp97214
003 SK-STU
005 20250304103047.2
007 ta
008 150427s2015----xo-----f-mn---000-0-slo-d
040 |a STU  |b slo 
041 0 |a slo 
100 1 |a Hrytsenko, Maksym  |u 020020  |4 aut  |U SjF Strojnícka fakulta  |T SjF Ústav automatizácie, informatizácie a merania  |X 116848  |U J0020  |Y 802  |7 116848 
242 0 1 |a Automated cutting machine for extruded polystyrene  |y eng 
245 1 0 |a Automatická rezačka na extrudovaný polystyrén 
260 |c 2024 
650 4 |a Auomatická rezačka  |2 slo 
650 4 |a Extrudovaný polystyrén  |2 slo 
650 4 |a Koncepčný návrh.  |2 slo 
650 4 |a Prototyp  |2 slo 
650 4 |a Testovanie  |2 slo 
650 4 |a STUBA Green Team  |2 slo 
650 4 |a CAD  |2 slo 
650 4 |a Prototype  |2 eng 
650 4 |a CAD  |2 eng 
650 4 |a Automatic cutter  |2 eng 
650 4 |a STUBA Green Team  |2 eng 
650 4 |a Conceptual design  |2 eng 
650 4 |a Testin  |2 eng 
650 4 |a Extruded polystyrene  |2 eng 
700 1 |a Habara, Marek  |u 020020  |k Z3  |4 ths  |U SjF Strojnícka fakulta  |T SjF Ústav automatizácie, informatizácie a merania  |X 87297  |U J0020  |Y 802  |7 87297 
856 4 |u http://is.stuba.sk/zp/portal_zp.pl?podrobnosti=186669 
996 |b 284J047747  |c J* 3837/DBP  |l JJSK  |s A  |a 24  |w stuzp97214_0001